000 00822nam a2200241 a 4500
001 BRL_1691
005 20190320211327.0
008 280414s1936----gw-#######---#000-0#ger-#
041 _ager
_hspa
044 _agw
050 4 _aPC4121
_b.N64 1936
100 1 _aNoeli, Teodosio
_d1884-
_927639
245 1 0 _aHandbuch der spanischen und deutschen Umgangssprache = Manual de Conversación hispano-alemán
_cvon Teodosio Noeli und Gertrud Menschell.
260 _aBerlin
_bLangenscheidtsche
_c1936
300 _axi, 324 p.
_c16 cm.
500 _aAu2150
650 1 4 _aAlemán
_xLibros de conversación y frases
_927640
650 1 4 _aEspañol
_xLibros de conversación y frases
_927641
700 1 _aMenschell, Gertrud
_ecoaut.
_927642
740 0 _aManual de Conversación hispano-alemán
902 _aGRL
942 _2lcc
_cB
999 _c10499
_d10499